| 000 | 01426 a2200241 4500 | ||
|---|---|---|---|
| 003 | Nust | ||
| 005 | 20221007183102.0 | ||
| 010 | _a 2005050832 | ||
| 020 | _a1580530117 (hbk.) | ||
| 035 | _a(Uk)013279508 | ||
| 040 | _cNust | ||
| 082 | 0 | 0 | _a670.427,WIL |
| 100 | 1 |
_aDunn, William C. _964255 |
|
| 245 | 1 | 0 |
_aIntroduction to instrumentation, sensors, and process control _cWilliam C. Dunn |
| 260 |
_aBoston, MA ; _aLondon : _bArtech House, _ccop. 2006 |
||
| 300 | _a331 s. | ||
| 505 | _aChapter-1, Introduction to process Control (Page-1), Chapter-2, Units and Standards (Page-15),Chapter-3, Basics Electrical Components (Page-25),Chapter-4, Analog Electronics (Page-41),Chapter-5, Digital Electronics (Page-59),Chapter-6, Microelectromechanical Devices and Smart Sensors (Page-79), Chapter-7, Pressure (Page-99),Chapter-8, Level (Page-115),Chapter-9, Flow (Page-129),Chapter-10, Temperature and Heat (Page-149),Chapter-11, Position, Force and Light (Page-171),Chapter-12, Humidity Other Sensors (Page-193),Chapter-13, Regulators, Valves and Motors (Page-211),Chapter-14, Programmable Logic Controllers (Page-233),Chapter-15, Signal Conditioning and Transmission (Page-251),Chapter-16, Process Control (Page-271),Chapter-17, Documentation and P&ID (Page-297 ). | ||
| 650 | 7 |
_aDetectors _9399 |
|
| 650 | 7 | _aProcess control | |
| 650 | 7 |
_aProcess control _999538 |
|
| 650 | 7 |
_aProcesstyrning _999539 |
|
| 942 |
_2ddc _cBK |
||
| 999 |
_c215413 _d215413 |
||